Statistics for Pretty Little Liars

Click here to take the quiz!

General Stats

  • This quiz has been taken 320 times
  • The average score is 10 of 15

Answer Stats

Hint Answer % Correct
I wanna hug you and slap you at the same time.Hanna
99%
So send me an "I-told-you-so" card when you get back to Austria.Aria
87%
Sometimes lies are more interesting than the truth.Ali
85%
Fantastic. I will go upstairs and fill this with my dignity.Spencer
72%
Was Mona here to poop or snoop?Aria
65%
A's a terrorist, that's what she wants: To make us worry.Emily
65%
That's ridiculous. How old is she? Does she even know how to text?Hanna
64%
Don't get up. I don't want to accidentally run into your mouth again.Hanna
64%
The more of men, the more I want to get a dog.Hanna
64%
Mona may not be A, but she's still a B.Emily
64%
This is Mona; she started lying when she was a fetus.Aria
61%
Like at the hoagie shop. Do I get the tenth one free?Spencer
55%
Your father made it sound like you were hosting the Rolling StonesElla
40%
Spencer, sloppy work leads to consequences. I'd hate to see you suffer.Ezra
38%
She's probably eating popcorn and watching us play desperately seeking Mona.Caleb
34%

Score Distribution

Percentile by Number Answered

Percent of People with Each Score

Your Score History

You have not taken this quiz